[Event "Mumbai Wealth op"]
[Site "Mumbai"]
[Date "2016.02.02"]
[Round "6"]
[White "Guketlev, Dovlet"]
[Black "Praggnanandhaa, Rameshbabu"]
[Result "1-0"]
[WhiteElo "2041"]
[BlackElo "2174"]
[PlyCount "71"]
[EventDate "2016.01.28"]
[EventType "swiss"]
[EventRounds "9"]
[EventCountry "IND"]
[SourceTitle "CBM 170 Extra"]
[Source "ChessBase"]
[SourceDate "2016.02.25"]
[SourceVersion "1"]
[SourceVersionDate "2016.02.25"]
[SourceQuality "1"]

1. Nf3 Nf6 2. g3 g6 3. Bg2 Bg7 4. 0-0 0-0 5. d3 d5 6. Nbd2 c5 7. e4 Nc6 8. c3 e5 9. Re1 Re8 10. Qc2 b6 11. a3 a5 12. Nf1 d4 13. c4 a4 14. Bd2 Bd7 15. Rab1 Na5 16. Bxa5 bxa5 17. N1d2 Qc7 18. b3 axb3 19. Qxb3 Bc6 20. Qb6 Qc8 21. Bh3 Nd7 22. Bxd7 Bxd7 23. Qb7 Ba4 24. Qxc8 Rexc8 25. Rb2 f6 26. Reb1 Bf8 27. Ne1 Bd6 28. Rb6 Bc6 29. Kf1 a4 30. Ke2 Kf7 31. f3 Ke7 32. Kd1 Kd7 33. Nc2 Bc7 34. R6b2 f5 35. Ke2 Rf8 36. g4 1-0